| 000 | 01090nam a2200265 a 4500 | ||
|---|---|---|---|
| 001 | 33804 | ||
| 003 | BD-RjUL | ||
| 005 | 20211209052048.0 | ||
| 008 | 140511r19641954enkabj 000 1 eng d | ||
| 035 | _a34-38906 | ||
| 035 |
_a(BD-RjUL)33895 _a(OCoLC)307244 |
||
| 040 |
_aDLC _cOSU _dm.c _dOCL _dBD-RjUL _beng |
||
| 041 | _aeng | ||
| 082 | 0 | 4 |
_a823.91 _bGRC 1964 |
| 100 | 1 |
_aGraves, Robert, _d1895-1985. _955177 |
|
| 245 | 1 | 0 |
_aClaudius the god and his wife Messalina : _bthe troublesome reign of Tiberius Claudius Caesar, emperor of the Romans (born B.C. 10, died A.D. 54) / _cas described by himself; also his murder at the hands of the notorious Agrippina (mother of the Emperor Nero) and his subsequent deification, as described by others. |
| 250 | _aNew ed. | ||
| 260 |
_aLondon : _bA. Barker, _c1954 [reprinted 1964]. |
||
| 300 |
_a443 p. : _billus. (map) fold. geneal. tables ; _c19 cm. |
||
| 600 | 0 | 0 |
_aClaudius, _cEmperor of Rome, _d10 B.C.-54 A.D. _9102652 |
| 600 | 1 | 0 |
_aMessallina, Valeria, _dd. 48 _9102653 |
| 942 |
_2ddc _cBK |
||
| 999 |
_c33804 _d33804 |
||